000 00404nam a22001937a 4500
003 UA-OsUOA
001 2783
007 ta
008 20050721b un ||||| |||| 00| 0 ukr d
100 _aFales
700 _aJ. F.
700 _aKue
700 _aV. F.
942 _cBK
040 _aUA-OsUOA
_cUA-OsUOA
_dUA-OsUOA
245 _aTechnology today and tomorrow.
_bScience
955 _a2
650 7 _2UDC
999 _c288945
_d288945